000 00694nam a2200205Ii 4500
003 JO-AjNU
008 230605s9999||||xx |||||||||||||| ||und||
040 _aJO-AjNU
_bara
_erda
_cJO-AjNU
041 _aara
050 1 4 _aJX5326.R372.1984
100 3 _a السيد ، رشاد عارف يوسف ,
_eauthor
_947062
245 0 0 _a المسؤلية الدولية عن أضرار الحروب العربية الإسرائيلية
250 _aط1
264 3 1 _aعمان : دار الفرقان ، 1984
300 _a332ص
336 _atext
_btxt
_2rdacontent
337 _aunmediated
_bn
_2rdamedia
338 _avolume
_bnc
_2rdacarrier
650 4 _aحرب -- قانون دولي
_947063
999 _aA20518
_c24086
_d24086